000
00198 a2200097 4500
001
17968
100
_a
Archer, J
245
_a
Hochi Minh
260
_a
_b
Collier Macmillan
_c
090
_c
13274
_d
13274
942
_a
NUST-CAE
_c
M
_c
3641
999
_c
253041
_d
253041